Fórmulas polinómicas de reajuste automático en obras de construcción / (Registro nro. 9795)
[ vista simple ]
| 000 -LEADER | |
|---|---|
| Campo de control de longitud fija | 01262nam a22002537a 4500 |
| 003 - IDENTIFICADOR DEL NÚMERO DE CONTROL | |
| Campo de control | PE SENCICO BE |
| 005 - FECHA Y HORA DE LA ÚLTIMA TRANSACCIÓN | |
| Campo de control | 20260227163638.0 |
| 008 - ELEMENTOS DE LONGITUD FIJA - INFORMACIÓN GENERAL | |
| Campo de control de longitud fija | 251218b |||||||| |||| 00| 0 eng d |
| 040 ## - FUENTE DE CATALOGACIÓN | |
| Origen de catalogación | PE SENCICO BE |
| Agencia que realiza la transcripción | PE SENCICO BE |
| 041 ## - CÓDIGO DE IDIOMA | |
| Idioma del texto | spa |
| 082 ## - NÚMERO DE CLASIFICACIÓN DECIMAL DEWEY | |
| Código de Clasificación Dewey | 692.5 |
| Notación Interna | C29 |
| Año de la edición | 1993 |
| 100 1# - ASIENTO PRINCIPAL--NOMBRE PERSONAL | |
| Autor Personal | Castillo Aristondo, Rodolfo |
| 9 (RLIN) | 164 |
| Término relacionado | autor |
| 245 1# - MENCIÓN DEL TITULO | |
| Título | Fórmulas polinómicas de reajuste automático en obras de construcción / |
| Mención de responsabilidad | Rodolfo Castillo Aristondo |
| 250 ## - MENCIÓN DE EDICIÓN | |
| Edición | 2a ed. |
| 260 ## - PUBLICACIÓN, DISTRIBUCIÓN, ETC. (PIE DE IMPRENTA) | |
| Lugar de publicación, distribución, etc. | Lima : |
| Nombre de la Editorial, Distribuidor, etc. | CAPECO ; |
| Fecha de publicación, distribución, etc. | 1993 |
| 300 ## - DESCRIPCIÓN FÍSICA | |
| Paginación | 130 páginas : |
| Otros detalles físicos | tablas, diagramas ; |
| Dimensión | 29 cm. x 21 cm. |
| 505 0# - NOTA DE CONTENIDO CON FORMATO PREESTABLECIDOE | |
| Contenido o índice | Introducción al sistema de reajuste de precios -- Descripción de la fórmula -- Algunos artículos del rulcop relacionados con la fórmula polinómica -- Texto Único ordenado del D.S. -- Normas para la elaboración de fórmulas -- Normas para el cálculo de reajustes -- Comentarios sobre el reajuste cuando se otorga un adelanto -- Dispositivos legales de pago con bonos -- Factores de reajuste en obras de edificación del sector no público. |
| 650 10 - ASIENTO SECUNDARIO DE MATERIA - TERMINO TEMÁTICO | |
| Término de tema o elemento de entrada de nombre geográfico | Industria de la construcción |
| 9 (RLIN) | 355 |
| 650 20 - ASIENTO SECUNDARIO DE MATERIA - TERMINO TEMÁTICO | |
| Término de tema o elemento de entrada de nombre geográfico | Costos de construcción |
| 9 (RLIN) | 120 |
| 650 20 - ASIENTO SECUNDARIO DE MATERIA - TERMINO TEMÁTICO | |
| Término de tema o elemento de entrada de nombre geográfico | Fórmulas polinómicas |
| 9 (RLIN) | 368 |
| 650 20 - ASIENTO SECUNDARIO DE MATERIA - TERMINO TEMÁTICO | |
| Término de tema o elemento de entrada de nombre geográfico | PUB CAPECO |
| 9 (RLIN) | 515 |
| 910 ## - RESPONSABLE DEL REGISTRO | |
| Coordinador de procesamiento de la información | hfp |
| 942 ## - ELEMENTOS DE KOHA | |
| Fuente de clasificación o esquema de estanterías | Dewey Decimal Classification |
| Tipo de documento | Libros |
| 999 ## - | |
| -- | 9795 |
| -- | 9795 |
| Estado Retiro | Estado Perdido | Sistema de Clasificación o Esquema de Estantería | Estado Dañado | No es para préstamo | Ubicación Permanente | Ubicación Actual | Fecha de adquisición | Total Checkouts | Signatura topográfica completa | Código de Barras | Date last seen | Precio efectivo desde | Tipo de ítem |
|---|---|---|---|---|---|---|---|---|---|---|---|---|---|
| Dewey Decimal Classification | Biblioteca Trujillo | Biblioteca Trujillo | 18/12/2025 | 692.5/C29/1993 | BibZtruj25122568 | 18/12/2025 | 18/12/2025 | Libros | |||||
| Dewey Decimal Classification | Biblioteca Trujillo | Biblioteca Trujillo | 18/12/2025 | 692.5/C29/1993/ej. 2 | BibZtruj25122569 | 18/12/2025 | 18/12/2025 | Libros |